000 05623nam a2200409Ia 4500
003 OSt
005 20260628110049.0
008 2310s2022 ua a frm 000 engnd d
040 _aEG-EULC
_beng
_cEG-EULC
_dEG-EULC
_erda
041 0 _aeng
_beng
_bara
049 _aDeposit
082 _a420
092 _a420
_221
097 _aPh.D
099 _aCai01.02.12.Ph.D.2022.He.C
100 _aHebat Allah Abdelaal Ibrahim Mohamed,
_epreparation.
245 2 _aA comparative genre-based corpus analysis of the discourse of arabic and english weight-loss narratives on facebook
_cHebat Allah Abdelaal Ibrahim Mohamed ; Supervised Prof.Dr.Amira Agameya
246 _aالخطاب الإلكتروني حول تجارب إنقاص الوزن على موقع الفيسبوك:
_bدراسة مقارنة نوعية بين العربية والإنجليزية باستخدام المتون اللغوية الإلكترونية
264 0 _c2022.
300 _a201 p. :
_billustrations ;
_c25cm+
_eCD
336 _2rda content
_atext
337 _2rdamedia
_aUnmediated
338 _2rdacarrier
_avolume
502 _aThesis (M.Sc.)-Cairo University - Faculty of Arts- Department of English Language and Literature
504 _aBibliography: p. 185-195.
520 3 _aThe rise of social media has provided new affordances as well as significance to personal narratives. Weight-loss narratives are no exception. A number of Facebook online communities have been created to bring together members interested in losing weight and adopting a healthy lifestyle. These groups provided a space for the emergence of weight-loss narratives in which narrators share with fellow community members their experience with leading a healthy lifestyle and losing excess weight. The global nature of both obesity disease and social media platforms allowed for the emergence of such narratives in different languages and across a variety of communities. The present study aims at analyzing and comparing the discourse of online weight-loss narratives written in English and Arabic via corpus analysis tools and genre discourse analysis. To that end, a corpus of 200 weight-loss narratives, 100 in English and 100 Arabic were collected and analyzed. The results revealed a tendency among narrators in both corpora to internalize fat-shaming discourses from surrounding community members. The results also highlighted interesting linguistic findings pertaining to the use of English vocabulary in the Arabic narratives and language creativity in the English ones. The findings of the genre analysis show similarities in the overall move structure of both narrative corpora in that they follow a linear sequence in representing the phases of the weight-loss experience as narrators write about their journeys before, during, and after weight-loss
520 3 _aتمكن انتشار وسائل التواصل الإجتماعي في تقديم فرص جديدة لمشاركة التجارب الشخصية للمستخدمين بما في ذلك روايات المرض حيث أُنشأت مؤخراً مجموعات وصفحات على موقع التواصل الإجتماعي ” فيسبوك” تهدف إلى خلق تواصل بين الأفراد المهتمين بإنقاص الوزن وإتباع نمط حياة صحي. تمكنت تلك المجموعات و الصفحات في خلق مساحة يستطيع من خلالها الأعضاء مشاركة رواياتهم عن إنقاص الوزن وإتباع نمط حياة صحي بلغات مختلفة وفي مجتمعات عديدة مما يعطي هؤلاء الأعضاء الشعور بالإنجاز و يضفي أهمية لتجربتهم في إنقاص الوزن حيث يُعد خطاب السمنة و إنقاص الوزن بلغات مختلفة وفي ثقافات متعددة على الإنترنت مجالاُ خصباً للبحث والدراسة اللغوية لذلك تهدف الدراسة الحالية إلى تحليل خطاب إنقاص الوزن على الإنترنت بإستخدام التحليل النوعي والمتون اللغوية الإلكترونية كما تهدف الدراسة إلى مقارنة البنية النوعية لروايات إنقاص الوزن باللغتين العربية والإنجليزية حيث تم جمع مائتي منشور من موقع فيسبوك مائة منها مكتوب باللغة العربية والمائة الأخرى باللغة الإنجليزية وقد أشارت النتائج إلى قيام الرواة بذكر التعليقات السلبية حول زيادة الوزن والتي تلقوها من المجتمع المحيط بهم كما أظهرت نتائج الدراسة إستخدام مميز لمفردات اللغة الإنجليزية في الروايات المكتوبة باللغة العربية كما أظهرت نتائج البحث إلى تشابه البنية النوعية لروايات إنقاص الوزن في كلتا اللغتين حيث تتضمن الروايات تفاصيل رحلة خسارة الوزن قبل وأثناء وبعد تلك التجربة
530 _aIssues also as CD.
546 _aText in English and abstract in Arabic & English.
650 _aEnglish Language
653 _aweight-loss narratives
700 _aAmira Agameya
_ethesis advisor.
900 _b01-01-2022
_cAmira Agameya
_UCairo University
_FFaculty of Arts
_DDepartment of English Language and Literature
905 _aShimaa
942 _cTH
_2ddc
999 _c163823